Ενοικιάζεται
Αποθηκεύτηκε σε:
| Κύριος συγγραφέας: | |
|---|---|
| Μορφή: | Βιβλίο |
| Γλώσσα: | Greek |
| Δημοσίευση: |
Εν Αθήναις :
Εκδοτικός οίκος Δ. και Π. Δημητράκου,
[19--].
|
| Σειρά: | Βιβλία μπλέ ;
32 |
| Θέματα: | |
| Ετικέτες: |
Προσθήκη ετικέτας
Δεν υπάρχουν, Καταχωρήστε ετικέτα πρώτοι!
|
MARC
| LEADER | 00000cam a2200000 a 4500 | ||
|---|---|---|---|
| 001 | 1/115195 | ||
| 008 | 171009q1910####gr | ||| |||| ||gre|| | ||
| 040 | |a GR-MyUa |b gre |c GR-MyUa |e AACR2 | ||
| 041 | 0 | |a gre | |
| 082 | 7 | |a 889.2 |2 (23) | |
| 100 | 1 | |a Αννίνος, Χαράλαμπος, |d 1852-1934. | |
| 245 | 1 | 0 | |a Ενοικιάζεται / |c Μπάμπη Αννίνου. |
| 260 | |a Εν Αθήναις : |b Εκδοτικός οίκος Δ. και Π. Δημητράκου, |c [19--]. | ||
| 300 | |a 48 σ. ; |c 17 εκ. | ||
| 490 | 1 | |a (Βιβλία μπλέ |v ; 32) | |
| 500 | |a Σχισμένο εξώφυλλο. | ||
| 501 | |a Δεμένο με : Καλήν όρεξίν. | ||
| 650 | 0 | |a Greek drama, Modern |y 20th century. | |
| 740 | 0 | |a Καλήν όρεξιν | |
| 830 | 0 | |a Βιβλία μπλέ ; |v 32 | |
| 852 | |a INST |b SAMOS |e 20171009 |h 889.2 ΑΝΝ |p 005300044845 |q 005300044845 |t BK |y 23 | ||
| 970 | |a Φιλιππή |b Φάλη |z 09-10-2017 | ||